Пирокластические образования в девонском вулканогенном комплексе центральной части Алтае-Саянской складчатой области, их гидротермальный метаморфизм и рудоносность; Вулканогенно-осадочный литогенез

Detalhes bibliográficos
Parent link:Вулканогенно-осадочный литогенез.— 1974.— С. 80-81
Autor principal: Черепнин В. К. Владимир Константинович
Outros Autores: Фомин Ю. А., Рихванов Л. П. Леонид Петрович
Idioma:russo
Publicado em: 1974
Assuntos:
Formato: MixedMaterials Capítulo de Livro
KOHA link:https://koha.lib.tpu.ru/cgi-bin/koha/opac-detail.pl?biblionumber=151933

MARC

LEADER 00000naa2a2200000 4500
001 151933
005 20231031150858.0
035 |a (RuTPU)RU\TPU\book\164756 
035 |a RU\TPU\tpu\13926 
090 |a 151933 
100 |a 20090128d1974 k y0rusy50 ca 
101 0 |a rus 
102 |a RU 
200 1 |a Пирокластические образования в девонском вулканогенном комплексе центральной части Алтае-Саянской складчатой области, их гидротермальный метаморфизм и рудоносность  |f В. К. Черепнин, Ю. А. Фомин, Л. П. Рихванов 
463 0 |0 (RuTPU)RU\TPU\book\139393  |t Вулканогенно-осадочный литогенез  |o краткие тезисы 1V Всесоюзного семинара  |f Академия наук СССР (АН СССР), Дальневосточный научный центр (ДНЦ), Дальневосточный геологический институт (ДВГИ) ; Геологический институт (ГИН) ; Дальневосточный политехнический институт ; под ред. Н. Г. Бродской ; Г. С. Дзоценидзе  |v С. 80-81  |d 1974  |p 282 с. 
610 1 |a труды учёных ТПУ 
700 1 |a Черепнин  |b В. К.  |c российский геолог  |c профессор Томского политехнического института  |f 1916-1985  |g Владимир Константинович  |2 stltpush  |3 (RuTPU)RU\TPU\pers\19885 
701 1 |a Фомин  |b Ю. А. 
701 1 |a Рихванов  |b Л. П.  |c российский ученый, геолог  |c профессор Томского политехнического университета, доктор геолого-минералогических наук  |c заслуженный геолог РФ  |c почетный работник высшего образования РФ  |f 1945-  |g Леонид Петрович  |2 stltpush  |3 (RuTPU)RU\TPU\pers\23187 
801 1 |a RU  |b 63413507  |c 20080207  |g PSBO 
801 2 |a RU  |b 63413507  |c 20111206  |g PSBO 
942 |c BK